000 01482nam a22002897a 4500
008 160125b xxu||||| |||| 00| 0 eng d
020 _a9789962897439
082 _bV831v
_a707
100 _aVélez, Humberto
_93749
245 _aVisiting Minds 2013 : Pedagogía radical: El arte como educación
_bRadical Pedagogy: Arts as Education
260 _aPanamá :
_bSarigua,
_c2015
300 _a272 p.
_bill.(some col.)
_c26 cm.
505 _tVisiting Minds 2013: Reseñas = Visiting Minds 2013: Reviews // Orlando Britto, Luis Camnitzer, Emelie Chhangur, Gerardo Mosquera, Margot López
_tArte y Pedagogía = Art and Pedagogy // Luis Camnitzer
_tPedagogía radical: los diálogos = Radical pedagogy: The Dialogues
_tEl arte en tiempos híbridos = Art in Hybrid Times // Gerardo Mosquera
_tMiss Education (una conversación digit@l) = Miss Education (@ digital conversation) // Jeniffer Brown, Luis Camnitzer, Yomasty Hazlewood, Alfons Hug, Gerardo Mosquera, Adrienne Samos, Humberto Vélez
650 _aArte
_xPedagogía
_94531
650 _aArte Moderno
_9145
650 _aEducación
_94532
650 _aForo Internacional visiting minds 2013
_94533
700 _aBritto, Orlando
_94534
700 _aCamnitzer, Luis
_94535
700 _aChhangur, Emelie
_92928
700 _aMosquera, Gerardo
_91487
700 _aLópez, Margot
_94536
700 _aBrown, Jeniffer
_94537
700 _aHazlewood, Yomasty
_94538
700 _aHug, Alfons
_94539
700 _aSamos, Adrienne
_93397
999 _c831
_d831